Famous Works by Berlioz - Statistics

General Stats
  • This quiz has been taken 28 times
  • The average score is 5 of 12
Answer Stats
Hint Answer % Correct
His most popular work, 'an Episode in the Life of an Artist' Symphonie fantastique
91%
A 'symphony' with solo viola on a poem by Lord Byron Harold en Italie
59%
A choral 'symphony' based on a play by Shakespeare Roméo et Juliette
50%
A 'dramatic legend' based on a work by Goethe La damnation de Faust
41%
His first opera, about a Florentine sculptor Benvenuto Cellini
36%
Originally composed for a 200 player wind band Grande symphonie {funèbre} et {triomphale}
36%
Large scale opera based on Virgil's epic Les Troyens
32%
Berlioz's last opera based on Much Ado About Nothing Béatrice et Bénédict
27%
Also known as his requiem Grande Messe des morts
27%
His most famous song cycle Les nuits d'été
23%
In this oratorio, the holy family goes to Egypt L'enfance du Christ
18%
Cantata for soprano and orchestra La mort de {Cléopâtre}
9%
No matching quizzes found
Score Distribution
Percent of People with Each Score
Percentile by Number Answered
Your Score History
You have not taken this quiz